00972nam a2200265 a 450000100060000000300080000600500170001400800410003102000150007203500190008704000320010604100080013808200260014610000300017224500560020226000660025830000330032450400410035765000400039865000370043883000520047594200120052799900170053995201500055667439BD-RjUL20211209081645.0750509s1975 ne a b 001 0 eng  a0444411836 a(BD-RjUL)67570 aDLCcDLCdDLCdBD-RjULbeng aeng00223a553.282bCOG 19751 aCollins, A. Gene.919983210aGeochemistry of oilfield waters /cA. Gene Collins. aAmsterdam ;aNew York :bElsevier Scientific Pub. Co.,c1975. axi, 496 p. :bill. ;c25 cm. aIncludes bibliographies and indexes. 0aOil field brinesxAnalysis.9199834 0aGeochemical prospecting.9134795 a Developments in Petroleum Sciencesv19199838 2ddccBK c67439d67439 00102ddc40718NFICaRUCLbRUCLcReadingd1980-10-30eNational Book Agencyg0.00l0o553.282 COG 1975r2017-03-25 00:00:00tC-1w2017-03-25yBK